[Event "Winnipeg TNT October op"]
[Site "Winnipeg CAN"]
[Date "2009.10.06"]
[Round "1"]
[White "Wasserman, Leor"]
[Black "Boron, Anthony"]
[Result "0-1"]
[WhiteElo "1672"]
[BlackElo "1995"]
[PlyCount "150"]
[GameId "2160767910096603"]
[EventDate "2009.10.06"]
[EventType "swiss"]
[EventRounds "4"]
[EventCountry "CAN"]
[SourceTitle "EXT 2011"]
[Source "ChessBase"]
[SourceDate "2011.11.26"]
[SourceVersion "1"]
[SourceVersionDate "2011.11.26"]
[SourceQuality "1"]

1. e4 c5 2. Nf3 e6 3. d4 cxd4 4. Nxd4 Nf6 5. Nc3 Nc6 6. Nxc6 bxc6 7. Bd2 d5 8. exd5 exd5 9. Bd3 Bg4 10. f3 Be6 11. Bg5 Be7 12. Qd2 O-O 13. O-O Rb8 14. Rab1 Qb6+ 15. Kh1 Rfe8 16. Rfe1 Rbd8 17. Na4 Qc7 18. Bxf6 Bxf6 19. Nc5 Be5 20. Nxe6 Rxe6 21. g3 Rb8 22. c3 Rh6 23. f4 Bd6 24. Re2 Rf8 25. Rbe1 Qd7 26. Qc2 Qg4 27. Re3 g6 28. Be2 Qh3 29. Bf1 Qh5 30. Qe2 Qf5 31. Re8 g5 32. Rxf8+ Kxf8 33. Qd3 Qxd3 34. Bxd3 gxf4 35. gxf4 Bxf4 36. Re2 Kg7 37. Rf2 Bc7 38. Ba6 Kf8 39. Re2 Rg6 40. Rg2 Rf6 41. Kg1 Bb6+ 42. Kh1 h6 43. h3 Ke7 44. Re2+ Kd6 45. Kg2 Rf4 46. b3 Ba5 47. c4 d4 48. Rf2 Ke5 49. Rxf4 Kxf4 50. Kf2 d3 51. Bb7 c5 52. Bf3 Bd8 53. Bg4 Bh4+ 54. Kf1 Ke3 55. b4 Kd4 56. bxc5 Kxc5 57. Bh5 f6 58. Bf7 Kd4 59. Be6 Bg3 60. Bf7 f5 61. Be6 f4 62. Bf7 f3 63. Bd5 Ke3 64. c5 Bh4 65. c6 Bg3 66. Bb3 Kd2 67. a4 a5 68. Bd5 Ke3 69. Bb3 d2 70. Bd1 Bc7 71. h4 Bh2 72. h5 Bc7 73. Bc2 Bd6 74. Bd1 Kd3 75. Kf2 Kc3 0-1

[Event "Winnipeg TNT October op"]
[Site "Winnipeg CAN"]
[Date "2009.10.06"]
[Round "1"]
[White "Wierda, John"]
[Black "Villeneuve, Justin"]
[Result "1-0"]
[WhiteElo "1757"]
[BlackElo "1210"]
[PlyCount "72"]
[GameId "2160767910096604"]
[EventDate "2009.10.06"]
[EventType "swiss"]
[EventRounds "4"]
[EventCountry "CAN"]
[SourceTitle "EXT 2011"]
[Source "ChessBase"]
[SourceDate "2011.11.26"]
[SourceVersion "1"]
[SourceVersionDate "2011.11.26"]
[SourceQuality "1"]

1. e4 e5 2. Nf3 Nc6 3. d4 exd4 4. Bc4 Nf6 5. O-O Bc5 6. Bg5 O-O 7. e5 Nxe5 8. Nxe5 d6 9. Nxf7 Rxf7 10. Bxf7+ Kxf7 11. Qf3 Be6 12. Re1 h6 13. Bxf6 Qxf6 14. Qxf6+ Kxf6 15. Nd2 Kf7 16. Nf3 Bb4 17. Re4 c5 18. a3 Ba5 19. Nh4 d5 20. Rf4+ Kg8 21. Rf3 g5 22. Nf5 Bxf5 23. Rxf5 Re8 24. Rc1 Bc7 25. g3 Kg7 26. Kf1 Re7 27. Rxd5 b6 28. Re1 Rf7 29. Kg2 Kg6 30. b4 cxb4 31. axb4 a5 32. bxa5 bxa5 33. Rxd4 Rf6 34. Rc4 Bb6 35. Re2 h5 36. f4 g4 1-0

[Event "Winnipeg TNT October op"]
[Site "Winnipeg CAN"]
[Date "2009.10.13"]
[Round "2"]
[White "Boron, Anthony"]
[Black "Wierda, John"]
[Result "1-0"]
[WhiteElo "1995"]
[BlackElo "1757"]
[PlyCount "73"]
[GameId "2160767910096605"]
[EventDate "2009.10.06"]
[EventType "swiss"]
[EventRounds "4"]
[EventCountry "CAN"]
[SourceTitle "EXT 2011"]
[Source "ChessBase"]
[SourceDate "2011.11.26"]
[SourceVersion "1"]
[SourceVersionDate "2011.11.26"]
[SourceQuality "1"]

1. d4 Nf6 2. Nf3 c5 3. c3 cxd4 4. cxd4 g6 5. Nc3 Bg7 6. e4 d6 7. Be2 Nc6 8. O-O a6 9. Bg5 O-O 10. Qd2 Re8 11. Rac1 b5 12. Nxb5 Nxe4 13. Qe3 Nxg5 14. Qxg5 Qb6 15. d5 Bf6 16. Qd2 axb5 17. Rxc6 Qb7 18. a3 Bd7 19. Rcc1 Rec8 20. h3 Rxc1 21. Rxc1 Rc8 22. Rxc8+ Qxc8 23. Nd4 Qc5 24. Nb3 Qb6 25. Bf3 e5 26. Na5 Kg7 27. Nc6 Bd8 28. Qb4 Bxc6 29. dxc6 Bc7 30. b3 f5 31. Bd5 Qc5 32. Qd2 Qxa3 33. Qg5 Qa7 34. Qe7+ Kh6 35. Qf8+ Kh5 36. Bf3+ Kg5 37. h4+ 1-0

[Event "Winnipeg TNT October op"]
[Site "Winnipeg CAN"]
[Date "2009.10.13"]
[Round "2"]
[White "Campbell, Gary"]
[Black "Rutter, Blair"]
[Result "0-1"]
[WhiteElo "1642"]
[BlackElo "1911"]
[PlyCount "66"]
[GameId "2160767910096606"]
[EventDate "2009.10.06"]
[EventType "swiss"]
[EventRounds "4"]
[EventCountry "CAN"]
[SourceTitle "EXT 2011"]
[Source "ChessBase"]
[SourceDate "2011.11.26"]
[SourceVersion "1"]
[SourceVersionDate "2011.11.26"]
[SourceQuality "1"]

1. d4 d6 2. c4 Nd7 3. Nc3 e5 4. e4 exd4 5. Qxd4 Ngf6 6. Nf3 Be7 7. Be2 O-O 8. O-O Re8 9. b4 Ng4 10. Nd5 Bf8 11. h3 Nge5 12. Nxe5 dxe5 13. Qc3 c6 14. Ne3 Nf6 15. f3 Nh5 16. Rd1 Qh4 17. Qe1 Qxe1+ 18. Rxe1 Bxb4 19. Rd1 Be6 20. Rb1 Bc5 21. Kh2 Nf4 22. Bf1 b6 23. Ng4 Ng6 24. Be3 Be7 25. Nf2 Red8 26. Rxd8+ Rxd8 27. Rd1 Rxd1 28. Nxd1 Bb4 29. Nf2 Ne7 30. f4 exf4 31. Bxf4 c5 32. Bd6 Nc6 33. e5 Bc3 0-1

[Event "Winnipeg TNT October op"]
[Site "Winnipeg CAN"]
[Date "2009.10.13"]
[Round "2"]
[White "Czarny, Keith"]
[Black "Lipic, Stephen"]
[Result "0-1"]
[WhiteElo "1635"]
[BlackElo "1723"]
[PlyCount "36"]
[GameId "2160767910096607"]
[EventDate "2009.10.06"]
[EventType "swiss"]
[EventRounds "4"]
[EventCountry "CAN"]
[SourceTitle "EXT 2011"]
[Source "ChessBase"]
[SourceDate "2011.11.26"]
[SourceVersion "1"]
[SourceVersionDate "2011.11.26"]
[SourceQuality "1"]

1. Nf3 d5 2. g3 g6 3. Bg2 Bg7 4. O-O f5 5. d4 Nf6 6. Nc3 c6 7. Bd2 O-O 8. Qc1 Nbd7 9. Bh6 Re8 10. Bxg7 Kxg7 11. Ng5 e5 12. dxe5 Nxe5 13. f4 Neg4 14. b3 Qb6+ 15. e3 Rxe3 16. Kh1 Rxc3 17. Qa3 c5 18. Qc1 Nf2+ 0-1

[Event "Winnipeg TNT October op"]
[Site "Winnipeg CAN"]
[Date "2009.10.13"]
[Round "2"]
[White "De Groot, Steven"]
[Black "Dawa, Arvin"]
[Result "0-1"]
[WhiteElo "1774"]
[BlackElo "2074"]
[PlyCount "54"]
[GameId "2160767910096608"]
[EventDate "2009.10.06"]
[EventType "swiss"]
[EventRounds "4"]
[EventCountry "CAN"]
[SourceTitle "EXT 2011"]
[Source "ChessBase"]
[SourceDate "2011.11.26"]
[SourceVersion "1"]
[SourceVersionDate "2011.11.26"]
[SourceQuality "1"]

1. e4 c6 2. d4 d5 3. e5 Bf5 4. h4 h6 5. g4 Bh7 6. Bd3 Bxd3 7. Qxd3 e6 8. f4 Qb6 9. Nf3 c5 10. c3 Nc6 11. h5 Rc8 12. a3 cxd4 13. b4 dxc3 14. Be3 c2 15. O-O cxb1=Q 16. Rfxb1 Qd8 17. b5 Na5 18. b6 axb6 19. Rxb6 Nc4 20. Rxe6+ fxe6 21. Qg6+ Kd7 22. Nd4 Qe7 23. Rb1 Rc7 24. f5 Nxe3 25. Nxe6 Nf6 26. Rb6 Nc4 27. Rb5 Nxe5 0-1

[Event "Winnipeg TNT October op"]
[Site "Winnipeg CAN"]
[Date "2009.10.13"]
[Round "2"]
[White "Kernetsky, Myron"]
[Black "Evans, Brian"]
[Result "1-0"]
[WhiteElo "1958"]
[BlackElo "1622"]
[PlyCount "29"]
[GameId "2160767910096610"]
[EventDate "2009.10.06"]
[EventType "swiss"]
[EventRounds "4"]
[EventCountry "CAN"]
[SourceTitle "EXT 2011"]
[Source "ChessBase"]
[SourceDate "2011.11.26"]
[SourceVersion "1"]
[SourceVersionDate "2011.11.26"]
[SourceQuality "1"]

1. d4 Nf6 2. c4 g6 3. Nc3 Bg7 4. e4 d6 5. Nf3 O-O 6. h3 Nfd7 7. Bg5 h6 8. Be3 e5 9. d5 f5 10. exf5 Rxf5 11. Bd3 Rf6 12. Qd2 Kh7 13. Nh2 Nf8 14. Ng4 Bxg4 15. hxg4 1-0

[Event "Winnipeg TNT October op"]
[Site "Winnipeg CAN"]
[Date "2009.10.13"]
[Round "2"]
[White "Milord, Frank"]
[Black "Kaptsan, Aron"]
[Result "0-1"]
[WhiteElo "1636"]
[BlackElo "1993"]
[PlyCount "70"]
[GameId "2160767910096611"]
[EventDate "2009.10.06"]
[EventType "swiss"]
[EventRounds "4"]
[EventCountry "CAN"]
[SourceTitle "EXT 2011"]
[Source "ChessBase"]
[SourceDate "2011.11.26"]
[SourceVersion "1"]
[SourceVersionDate "2011.11.26"]
[SourceQuality "1"]

1. e4 c5 2. Nf3 d6 3. d4 cxd4 4. Nxd4 Nf6 5. Nc3 g6 6. Be3 Bg7 7. f3 a6 8. Qd2 b5 9. a3 Bb7 10. Be2 Nbd7 11. O-O O-O 12. Kh1 Qc7 13. Rac1 Rfc8 14. Rfd1 Ne5 15. Bf1 Nc4 16. Bxc4 Qxc4 17. Nde2 Qc7 18. Nf4 Rd8 19. Qf2 Rd7 20. Rd3 Rc8 21. g4 e5 22. Nfd5 Nxd5 23. Nxd5 Bxd5 24. Rxd5 Qc6 25. c3 f5 26. gxf5 gxf5 27. Rcd1 fxe4 28. fxe4 Rf8 29. Qg3 Kh8 30. Bg5 Qc4 31. Re1 Rdf7 32. Rdd1 Rf2 33. Qh3 Rxb2 34. Bh4 Rc2 35. Rxd6 Rxc3 0-1

[Event "Winnipeg TNT October op"]
[Site "Winnipeg CAN"]
[Date "2009.10.13"]
[Round "2"]
[White "Wasserman, Arie"]
[Black "Lipnowski, Samuel"]
[Result "0-1"]
[WhiteElo "1698"]
[BlackElo "2248"]
[PlyCount "58"]
[GameId "2160767910096612"]
[EventDate "2009.10.06"]
[EventType "swiss"]
[EventRounds "4"]
[EventCountry "CAN"]
[SourceTitle "EXT 2011"]
[Source "ChessBase"]
[SourceDate "2011.11.26"]
[SourceVersion "1"]
[SourceVersionDate "2011.11.26"]
[SourceQuality "1"]

1. e4 c5 2. Nf3 d6 3. Nc3 Nf6 4. h3 e6 5. Bc4 Be7 6. d3 O-O 7. O-O Nc6 8. Bf4 a6 9. a4 Bd7 10. Re1 Rc8 11. e5 dxe5 12. Nxe5 Nxe5 13. Bxe5 Bc6 14. Bb3 Bd6 15. Bxf6 Qxf6 16. Ne4 Qg6 17. f3 Be7 18. Qd2 Kh8 19. Qf4 Rfd8 20. Nf2 Bd6 21. Qg4 Qh6 22. Qc4 b5 23. axb5 axb5 24. Qc3 Qf4 25. Ra7 c4 26. dxc4 b4 27. Qe3 Qxe3 28. Rxe3 Bc5 29. Re2 Bxa7 0-1

[Event "Winnipeg TNT October op"]
[Site "Winnipeg CAN"]
[Date "2009.10.13"]
[Round "2"]
[White "Zaczek, Jonathon"]
[Black "Green, Jim"]
[Result "1/2-1/2"]
[WhiteElo "2119"]
[BlackElo "1781"]
[PlyCount "130"]
[GameId "2160767910096613"]
[EventDate "2009.10.06"]
[EventType "swiss"]
[EventRounds "4"]
[EventCountry "CAN"]
[SourceTitle "EXT 2011"]
[Source "ChessBase"]
[SourceDate "2011.11.26"]
[SourceVersion "1"]
[SourceVersionDate "2011.11.26"]
[SourceQuality "1"]

1. e4 d6 2. d4 Nf6 3. Nc3 e5 4. Nf3 exd4 5. Qxd4 Nc6 6. Bb5 Bd7 7. Bxc6 Bxc6 8. Bg5 Be7 9. O-O-O O-O 10. Rhe1 h6 11. Bh4 Re8 12. Nd2 b5 13. f3 a5 14. Bf2 Nd7 15. Nd5 Bxd5 16. Qxd5 c5 17. e5 dxe5 18. Ne4 Nf6 19. Qxe5 Qc8 20. Nxf6+ Bxf6 21. Qxc5 Qb7 22. Qb6 Qxb6 23. Bxb6 Bg5+ 24. Kb1 a4 25. c3 Bf6 26. a3 g6 27. Kc2 Rac8 28. Bf2 Red8 29. Rxd8+ Rxd8 30. Re4 Rd5 31. Bd4 Bxd4 32. cxd4 f5 33. Re5 Rxd4 34. Rxb5 Rc4+ 35. Kd2 Rc7 36. Rb4 Ra7 37. Kc3 Kf7 38. Kc4 Rc7+ 39. Kb5 Rc2 40. g4 Rxh2 41. Kxa4 Kf6 42. Kb5 h5 43. gxh5 Rxh5 44. a4 g5 45. Kb6 Rh4 46. Rxh4 gxh4 47. a5 h3 48. a6 h2 49. a7 h1=Q 50. a8=Q Qg1+ 51. Kc7 Qg3+ 52. Kd7 Qg7+ 53. Kc6 Qe7 54. Qb7 Qe6+ 55. Kc7 Qe7+ 56. Kb8 Qd6+ 57. Ka7 Ke5 58. Qb8 Qxb8+ 59. Kxb8 Kf4 60. Kc7 Kxf3 61. b4 Ke2 62. b5 f4 63. b6 f3 64. b7 f2 65. b8=Q f1=Q 1/2-1/2

[Event "Winnipeg TNT October op"]
[Site "Winnipeg CAN"]
[Date "2009.10.20"]
[Round "3"]
[White "Gibbons, Lorne"]
[Black "Milord, Frank"]
[Result "0-1"]
[WhiteElo "1293"]
[BlackElo "1636"]
[PlyCount "45"]
[GameId "2160767910096614"]
[EventDate "2009.10.06"]
[EventType "swiss"]
[EventRounds "4"]
[EventCountry "CAN"]
[SourceTitle "EXT 2011"]
[Source "ChessBase"]
[SourceDate "2011.11.26"]
[SourceVersion "1"]
[SourceVersionDate "2011.11.26"]
[SourceQuality "1"]

1. d4 d5 2. c4 c6 3. cxd5 cxd5 4. Bf4 Nc6 5. e3 a6 6. h3 Nf6 7. Be2 e6 8. g4 Bb4+ 9. Nd2 Ne4 10. Ngf3 Nxd2 11. Nxd2 Qh4 12. Bg3 Qf6 13. a3 Ba5 14. O-O Bd7 15. Nf3 Qe7 16. Bd3 Rc8 17. Rb1 Bc7 18. Bxc7 Rxc7 19. Qd2 e5 20. dxe5 Nxe5 21. Nxe5 Qxe5 22. f4 Qe7 23. Qh2 0-1

[Event "Winnipeg TNT October op"]
[Site "Winnipeg CAN"]
[Date "2009.10.20"]
[Round "3"]
[White "Green, Jim"]
[Black "De Groot, Steven"]
[Result "0-1"]
[WhiteElo "1781"]
[BlackElo "1774"]
[PlyCount "110"]
[GameId "2160767910096615"]
[EventDate "2009.10.06"]
[EventType "swiss"]
[EventRounds "4"]
[EventCountry "CAN"]
[SourceTitle "EXT 2011"]
[Source "ChessBase"]
[SourceDate "2011.11.26"]
[SourceVersion "1"]
[SourceVersionDate "2011.11.26"]
[SourceQuality "1"]

1. e4 c5 2. Nf3 d6 3. Bb5+ Bd7 4. Bxd7+ Qxd7 5. O-O Nc6 6. Re1 g6 7. c3 Bg7 8. d4 cxd4 9. cxd4 e6 10. Nc3 Nge7 11. Bg5 d5 12. e5 O-O 13. Qd2 Rfe8 14. Nd1 Nf5 15. Ne3 Nxe3 16. Bxe3 Bf8 17. a3 a5 18. Bh6 Qe7 19. Rec1 Ra6 20. Bg5 Qd7 21. Qf4 Bg7 22. Rc3 Rb6 23. Rc2 Rb3 24. Rac1 Ra8 25. Bf6 Ra6 26. h3 Rab6 27. Qd2 a4 28. Nh2 Bf8 29. Ng4 h5 30. Nh2 Ra6 31. Rc3 Rxc3 32. Qxc3 Rb6 33. g4 Rb3 34. Qd2 Rxh3 35. Kg2 hxg4 36. Nxg4 Rh5 37. Rh1 Rxh1 38. Kxh1 Qc7 39. Qc3 Bg7 40. Qh3 Bxf6 41. exf6 Qf4 42. Nh6+ Kf8 43. Nf5 Ke8 44. Ne3 Qxf6 45. Qg3 Qxd4 46. Qc7 Qh4+ 47. Kg1 Qe7 48. Qh2 Qg5+ 49. Kf1 d4 50. Ng2 d3 51. Ne3 Qe5 52. Qh4 Qxb2 53. Qxa4 Kf8 54. Qa8+ Kg7 55. Qa4 Ne5 0-1

[Event "Winnipeg TNT October op"]
[Site "Winnipeg CAN"]
[Date "2009.10.20"]
[Round "3"]
[White "Kernetsky, Myron"]
[Black "Zaczek, Jonathon"]
[Result "1/2-1/2"]
[WhiteElo "1958"]
[BlackElo "2119"]
[PlyCount "89"]
[GameId "2160767910096617"]
[EventDate "2009.10.06"]
[EventType "swiss"]
[EventRounds "4"]
[EventCountry "CAN"]
[SourceTitle "EXT 2011"]
[Source "ChessBase"]
[SourceDate "2011.11.26"]
[SourceVersion "1"]
[SourceVersionDate "2011.11.26"]
[SourceQuality "1"]

1. d4 Nf6 2. c4 g6 3. Nc3 d5 4. cxd5 Nxd5 5. Nf3 Bg7 6. e3 O-O 7. Bc4 Nxc3 8. bxc3 Nd7 9. Ba3 c5 10. O-O Qa5 11. Qb3 b5 12. Bd5 Rb8 13. dxc5 Nf6 14. Bb2 Nxd5 15. Qxd5 Be6 16. Qg5 Bc4 17. Rfc1 f6 18. Qg4 Qa4 19. h4 f5 20. Qf4 Rbc8 21. Ne5 Rfd8 22. Nxc4 Qxc4 23. Qxc4+ bxc4 24. Ba3 Rd3 25. Bb4 e5 26. Rab1 e4 27. Rc2 Bf8 28. g3 h5 29. Ba3 Bg7 30. Rb4 Rxc3 31. Rxc3 Bxc3 32. Rxc4 Be5 33. c6 Kf7 34. Kf1 Ke6 35. Ke2 Bd6 36. Ra4 Bxa3 37. Rxa3 Rc7 38. Ra6 Kd5 39. Kd2 Kc4 40. a4 Kb4 41. Kc2 Kc4 42. Ra5 Kb4 43. Ra6 Kc4 44. Ra5 Kb4 45. Ra6 1/2-1/2

[Event "Winnipeg TNT October op"]
[Site "Winnipeg CAN"]
[Date "2009.10.20"]
[Round "3"]
[White "Kumaragamage, Shashika"]
[Black "Czarny, Keith"]
[Result "1-0"]
[WhiteElo "1244"]
[BlackElo "1635"]
[PlyCount "83"]
[GameId "2160767910096618"]
[EventDate "2009.10.06"]
[EventType "swiss"]
[EventRounds "4"]
[EventCountry "CAN"]

1. d4 f5 2. c4 Nf6 3. Nc3 g6 4. Bf4 Bg7 5. Nf3 d6 6. e3 O-O 7. Bd3 Nh5 8. Bg5 Nc6 9. a3 Qd7 10. Bh4 e5 11. d5 Ne7 12. Ng5 e4 13. Bc2 Bf6 14. Nb5 h6 15. Ne6 Bxh4 16. Nbxc7 Rb8 17. Ba4 b5 18. Bxb5 Rxb5 19. Nxb5 Rf7 20. Qb3 f4 21. O-O Nf5 22. exf4 Qe7 23. g4 Bxe6 24. dxe6 Qxe6 25. gxf5 Qxf5 26. Nxd6 Qg4+ 27. Kh1 Rxf4 28. c5+ Kh7 29. Rg1 Qd7 30. Qb7 Nf6 31. Qxd7+ Nxd7 32. c6 Nb6 33. c7 Rf8 34. Rac1 Nc8 35. Nxc8 Rxc8 36. Rge1 Bxf2 37. Rxe4 Bb6 38. Rec4 Kg7 39. b4 Kf6 40. a4 a6 41. Rc6+ Kf7 42. Rxb6 1-0

[Event "Winnipeg TNT October op"]
[Site "Winnipeg CAN"]
[Date "2009.10.20"]
[Round "3"]
[White "Lipic, Stephen"]
[Black "Ott, Richard"]
[Result "0-1"]
[WhiteElo "1723"]
[BlackElo "1499"]
[PlyCount "64"]
[GameId "2160767910096619"]
[EventDate "2009.10.06"]
[EventType "swiss"]
[EventRounds "4"]
[EventCountry "CAN"]
[SourceTitle "EXT 2011"]
[Source "ChessBase"]
[SourceDate "2011.11.26"]
[SourceVersion "1"]
[SourceVersionDate "2011.11.26"]
[SourceQuality "1"]

1. f4 d5 2. Nf3 Nf6 3. e3 Bg4 4. b3 Nbd7 5. Bb2 c6 6. d3 Qc7 7. h3 Bxf3 8. Qxf3 h5 9. Be2 O-O-O 10. g4 e5 11. g5 Ng8 12. Nd2 Bd6 13. f5 Ne7 14. e4 dxe4 15. dxe4 Nb6 16. O-O-O Kb8 17. h4 Nec8 18. Nc4 Nxc4 19. Bxc4 b5 20. Bd3 f6 21. Rd2 Qa5 22. c4 Nb6 23. cxb5 cxb5 24. Bb1 Ba3 25. Rc2 Bxb2+ 26. Kxb2 Qb4 27. Rhc1 Na4+ 28. Ka1 Qd4+ 29. Rc3 Nxc3 30. Qxc3 Qxc3+ 31. Rxc3 fxg5 32. Bd3 b4 0-1

[Event "Winnipeg TNT October op"]
[Site "Winnipeg CAN"]
[Date "2009.10.20"]
[Round "3"]
[White "Lipnowski, Samuel"]
[Black "Green, Aaron"]
[Result "1-0"]
[WhiteElo "2248"]
[BlackElo "1976"]
[PlyCount "55"]
[GameId "2160767910096620"]
[EventDate "2009.10.06"]
[EventType "swiss"]
[EventRounds "4"]
[EventCountry "CAN"]
[SourceTitle "EXT 2011"]
[Source "ChessBase"]
[SourceDate "2011.11.26"]
[SourceVersion "1"]
[SourceVersionDate "2011.11.26"]
[SourceQuality "1"]

1. e4 c5 2. Nf3 d6 3. d4 cxd4 4. Nxd4 Nf6 5. Nc3 g6 6. Be3 Bg7 7. f3 O-O 8. Qd2 Nc6 9. Bc4 Bd7 10. O-O-O Rb8 11. Kb1 b5 12. Ndxb5 Ne5 13. Be2 Qa5 14. Nd4 Rfc8 15. Nb3 Qc7 16. Bd4 Be6 17. Nb5 Qb7 18. Na5 Qa8 19. Nxa7 Rc7 20. Nb5 Rc6 21. b3 Bh6 22. Qxh6 Qxa5 23. a4 Rxc2 24. Kxc2 Rc8+ 25. Kb2 Qb4 26. Qe3 Bc4 27. Bxe5 Bxe2 28. Qxe2 1-0

[Event "Winnipeg TNT October op"]
[Site "Winnipeg CAN"]
[Date "2009.10.20"]
[Round "3"]
[White "Swift, Ryne"]
[Black "Evans, Brian"]
[Result "1-0"]
[WhiteElo "1836"]
[BlackElo "1622"]
[PlyCount "93"]
[GameId "2160767910096621"]
[EventDate "2009.10.06"]
[EventType "swiss"]
[EventRounds "4"]
[EventCountry "CAN"]
[SourceTitle "EXT 2011"]
[Source "ChessBase"]
[SourceDate "2011.11.26"]
[SourceVersion "1"]
[SourceVersionDate "2011.11.26"]
[SourceQuality "1"]

1. e4 c5 2. Nf3 d6 3. d4 cxd4 4. Nxd4 Nf6 5. Nc3 a6 6. f3 e6 7. Be3 Qb6 8. Rb1 e5 9. Nf5 Qc7 10. Ng3 Be6 11. Be2 Be7 12. O-O O-O 13. f4 Rd8 14. f5 Bc4 15. Bxc4 Qxc4 16. Bg5 Rc8 17. Nh5 Nbd7 18. Be3 Nxh5 19. Qxh5 Nf6 20. Qf3 b5 21. Rbc1 b4 22. Na4 Bd8 23. Bb6 Rab8 24. Bxd8 Rxd8 25. Rfe1 Qc6 26. b3 d5 27. exd5 Qxd5 28. Qxd5 Rxd5 29. Rcd1 Rbd8 30. Rxd5 Rxd5 31. c4 bxc3 32. Nxc3 Rc5 33. Rc1 Nd5 34. Rd1 Rxc3 35. Rxd5 Kf8 36. Rxe5 Rc1+ 37. Kf2 Rc2+ 38. Re2 Rxe2+ 39. Kxe2 Ke7 40. Ke3 Kd6 41. Kd4 f6 42. b4 Kc6 43. a4 g6 44. g4 g5 45. b5+ axb5 46. axb5+ Kxb5 47. Kd5 1-0

[Event "Winnipeg TNT October op"]
[Site "Winnipeg CAN"]
[Date "2009.10.20"]
[Round "3"]
[White "Wierda, John"]
[Black "Campbell, Gary"]
[Result "1-0"]
[WhiteElo "1757"]
[BlackElo "1642"]
[PlyCount "59"]
[GameId "2160767910096622"]
[EventDate "2009.10.06"]
[EventType "swiss"]
[EventRounds "4"]
[EventCountry "CAN"]
[SourceTitle "EXT 2011"]
[Source "ChessBase"]
[SourceDate "2011.11.26"]
[SourceVersion "1"]
[SourceVersionDate "2011.11.26"]
[SourceQuality "1"]

1. e4 c5 2. c3 Nf6 3. e5 Nd5 4. d4 d6 5. Nf3 Nc6 6. Bb5 a6 7. Bxc6+ bxc6 8. O-O cxd4 9. exd6 Qxd6 10. Nxd4 c5 11. Nf3 Bg4 12. h3 Bh5 13. Qa4+ Qd7 14. Qxd7+ Kxd7 15. Ne5+ Ke8 16. Nd2 f6 17. Nec4 e5 18. Ne4 Be2 19. Ncd6+ Bxd6 20. Nxd6+ Kd7 21. Re1 Kxd6 22. Rxe2 c4 23. Re4 Rhc8 24. f4 exf4 25. Bxf4+ Nxf4 26. Rxf4 Rc5 27. Rd4+ Ke7 28. Re1+ Kf7 29. Rd7+ Kg6 30. Ree7 1-0

[Event "Winnipeg TNT October op"]
[Site "Winnipeg CAN"]
[Date "2009.10.20"]
[Round "3.5"]
[White "Dawa, Arvin"]
[Black "Boron, Anthony"]
[Result "1-0"]
[WhiteElo "2074"]
[BlackElo "1995"]
[PlyCount "65"]
[GameId "2160767910096623"]
[EventDate "2009.10.06"]
[EventType "swiss"]
[EventRounds "4"]
[EventCountry "CAN"]

1. d4 d5 2. Nf3 Nf6 3. Bg5 Ne4 4. Bf4 c5 5. e3 Qb6 6. Qc1 Nc6 7. c3 Bf5 8. Be2 Rc8 9. O-O cxd4 10. exd4 h6 11. Nbd2 g5 12. Be3 Bg7 13. Rd1 Nf6 14. h3 e6 15. Nb3 g4 16. Nh4 gxh3 17. Nxf5 exf5 18. gxh3 Rg8 19. Kh2 Ne4 20. Rg1 Ke7 21. f3 Nf6 22. Bd3 Nh5 23. Bxf5 Qc7+ 24. f4 Rce8 25. Qf1 Kf6 26. Qf3 Rxe3 27. Qxe3 Kxf5 28. Qd3+ Kf6 29. Raf1 Qc8 30. Qf3 Qf5 31. Rg5 Qxf4+ 32. Qxf4+ Nxf4 33. Rg4 1-0

[Event "Winnipeg TNT October op"]
[Site "Winnipeg CAN"]
[Date "2009.10.27"]
[Round "4"]
[White "Campbell, Gary"]
[Black "Lipic, Stephen"]
[Result "1/2-1/2"]
[WhiteElo "1642"]
[BlackElo "1723"]
[PlyCount "95"]
[GameId "2160767910096624"]
[EventDate "2009.10.06"]
[EventType "swiss"]
[EventRounds "4"]
[EventCountry "CAN"]
[SourceTitle "EXT 2011"]
[Source "ChessBase"]
[SourceDate "2011.11.26"]
[SourceVersion "1"]
[SourceVersionDate "2011.11.26"]
[SourceQuality "1"]

1. d4 f5 2. c4 e6 3. Nc3 Nf6 4. g3 d5 5. Bg2 c6 6. Nf3 Bd6 7. O-O O-O 8. cxd5 exd5 9. Bg5 Qe8 10. e3 Ne4 11. Bf4 Be7 12. Ne5 g5 13. Nd3 gxf4 14. exf4 Qg6 15. Ne5 Qg7 16. f3 Nxg3 17. hxg3 Qxg3 18. Ne2 Qg7 19. Qe1 Qh6 20. Qg3+ Kh8 21. Qh2 Bh4 22. Kh1 Be6 23. Rg1 Nd7 24. Nxd7 Bxd7 25. Bf1 Rae8 26. Rg2 Re3 27. Qh3 Bg5 28. Rxg5 Qxh3+ 29. Bxh3 Rxe2 30. Rb1 Rd2 31. Re1 Rg8 32. Rxg8+ Kxg8 33. Re7 Be6 34. Rxe6 Kf7 35. Bxf5 Rxb2 36. Rh6 a5 37. Rxh7+ Kf6 38. Bc8 b5 39. Bb7 Rxa2 40. Bxc6 b4 41. Bxd5 Rd2 42. Ra7 Rd1+ 43. Kg2 Ra1 44. Bb3 Ra3 45. Bd5 a4 46. Kg3 Ra1 47. Bb3 Rg1+ 48. Kf2 1/2-1/2

[Event "Winnipeg TNT October op"]
[Site "Winnipeg CAN"]
[Date "2009.10.27"]
[Round "4"]
[White "De Groot, Steven"]
[Black "Kaptsan, Aron"]
[Result "0-1"]
[WhiteElo "1774"]
[BlackElo "1993"]
[PlyCount "50"]
[GameId "2160767910096625"]
[EventDate "2009.10.06"]
[EventType "swiss"]
[EventRounds "4"]
[EventCountry "CAN"]
[SourceTitle "EXT 2011"]
[Source "ChessBase"]
[SourceDate "2011.11.26"]
[SourceVersion "1"]
[SourceVersionDate "2011.11.26"]
[SourceQuality "1"]

1. e4 e5 2. Nf3 Nc6 3. Bb5 a6 4. Ba4 Nf6 5. O-O Be7 6. Re1 b5 7. Bb3 d6 8. c3 O-O 9. d3 Na5 10. Bc2 c5 11. a4 Bg4 12. Nbd2 Qc7 13. h3 Bxf3 14. Nxf3 h6 15. Be3 Nc6 16. d4 cxd4 17. cxd4 Nb4 18. Bb1 Nd7 19. Qb3 a5 20. Rc1 Qb7 21. d5 Bd8 22. Ne1 Bb6 23. Bxb6 Qxb6 24. Nd3 bxa4 25. Rxa4 Nxd3 0-1

[Event "Winnipeg TNT October op"]
[Site "Winnipeg CAN"]
[Date "2009.10.27"]
[Round "4"]
[White "Evans, Brian"]
[Black "Czarny, Keith"]
[Result "1-0"]
[WhiteElo "1622"]
[BlackElo "1635"]
[PlyCount "71"]
[GameId "2160767910096626"]
[EventDate "2009.10.06"]
[EventType "swiss"]
[EventRounds "4"]
[EventCountry "CAN"]
[SourceTitle "EXT 2011"]
[Source "ChessBase"]
[SourceDate "2011.11.26"]
[SourceVersion "1"]
[SourceVersionDate "2011.11.26"]
[SourceQuality "1"]

1. e4 Nf6 2. e5 Nd5 3. d4 e6 4. c4 Nb6 5. d5 Bb4+ 6. Bd2 c5 7. Bxb4 cxb4 8. dxe6 fxe6 9. Qh5+ g6 10. Qh6 Qe7 11. b3 Nc6 12. Nf3 a5 13. Nbd2 a4 14. Bd3 Rg8 15. Ne4 Kd8 16. Nf6 Rg7 17. Qe3 Kc7 18. O-O Ra5 19. Qf4 Kd8 20. Be4 g5 21. Qe3 Na8 22. Bxc6 bxc6 23. Nxg5 Bb7 24. Nfxh7 a3 25. Qf3 Rxe5 26. Rad1 Rf5 27. Qd3 c5 28. Qd6 Qxd6 29. Rxd6 Rfxg5 30. Nxg5 Rxg5 31. g3 Nc7 32. Rfd1 Bc6 33. Rxc6 d5 34. Rxc5 Na6 35. Ra5 Nc7 36. Ra4 1-0